000 00321nam a2200133Ia 4500
008 150201s2008 xx 000 0 und d
082 _a621.7368
_bC08V
100 _aVAISHMPAYAN , S.Y.
245 _aCOMPUTER FOR NURSES
250 _a1ST
260 _bNIRALI PUB.
_aINDIA
_c2008
650 _aCOMPUTER
942 _2ddc
_cBK
_07
999 _c2021
_d2021